00560nam a22001817a 450000500170000001000150001702000260003203500140005803700130007208200110008510000180009624501090011426000400022327000610026330000210032470000160034570000170036120220810112552.0 aENG-134379 a9789391373207c250.00 aEN-117911 bDBAD/PUB a006.31 aSudharson, D. aThe Verticals of Machine Learning:bIn Interview Perspective/cD. Sudharson, K. Vignesh and A. Saravanan aMaduraibShanlax Publicationsc2021 a61, 66 T.P.K. Main Road, Vasantha NagarbMaduraie625003 a100p.c29cm(pbk) aVignesh, K. aSarvanan, A.